Property times (Record no. 83851)

MARC details
000 -LEADER
fixed length control field 01118cad a22002055a 4500
001 - CONTROL NUMBER
control field L155320
008 - FIXED-LENGTH DATA ELEMENTS--GENERAL INFORMATION
fixed length control field 120316s2012 xxk 000 0 eng d
035 ## - SYSTEM CONTROL NUMBER
System control number (Sirsi) u155320
041 0# - LANGUAGE CODE
Language code of text/sound track or separate title eng
110 2# - MAIN ENTRY--CORPORATE NAME
Corporate name or jurisdiction name as entry element DTZ
245 00 - TITLE STATEMENT
Title Property times
Remainder of title UK retail outlook Q4 2011
Medium [electronic resource]
260 ## - PUBLICATION, DISTRIBUTION, ETC.
Place of publication, distribution, etc. London
Name of publisher, distributor, etc. DTZ
Date of publication, distribution, etc. 2012
490 #0 - SERIES STATEMENT
Series statement DTZ Property Times UK Retail Outlook
520 ## - SUMMARY, ETC.
Summary, etc. The UK has seen a significant deterioration in consumer and business confidence resulting from the intensifying Eurozone crisis with retailer performance undermined by continuing weak consumer expenditure. December 2011 sales showed a 4.1% lift, however declining 0.3% on a like for like basias. A number of failures among prominent retailers occurred with predictions of more to come. Covers the economic context, consumer spending trends, retail sales, retailers, and outlook.
590 ## - LOCAL NOTE (RLIN)
Local note NTK KA
651 #4 - SUBJECT ADDED ENTRY--GEOGRAPHIC NAME
Geographic name United Kingdom
690 ## - LOCAL SUBJECT ADDED ENTRY--TOPICAL TERM (OCLC, RLIN)
Topical term or geographic name as entry element Commercial property
9 (RLIN) 6227
856 40 - ELECTRONIC LOCATION AND ACCESS
Uniform Resource Identifier <a href="https://www.dtz.com/Global/Research/Property+Times+UK+retailQ4+2011">https://www.dtz.com/Global/Research/Property+Times+UK+retailQ4+2011</a>
Public note View the report after free registration at www.dtz.com
942 ## - ADDED ENTRY ELEMENTS (KOHA)
Suppress in OPAC 0
Holdings
Withdrawn status Lost status Source of classification or shelving scheme Damaged status Not for loan Home library Current library Shelving location Date acquired Total Checkouts Full call number Barcode Date last seen Copy number Price effective from Koha item type
    Dewey Decimal Classification     Virtual Virtual Online 16/03/2012   ONLINE PUBLICATION 155320-2001 06/08/2019 1 06/08/2019 Book